[Event "FRA-ch U12"]
[Site "Troyes"]
[Date "2010.04.12"]
[Round "2"]
[White "Ek, Alexandre"]
[Black "Senebier, Hugo"]
[Result "1-0"]
[WhiteElo "1833"]
[BlackElo "1600"]
[PlyCount "55"]
[EventDate "2010.04.11"]
[EventType "swiss"]
[EventRounds "9"]
[EventCountry "FRA"]
[SourceTitle "EXT 2012"]
[Source "ChessBase"]
[SourceDate "2011.11.24"]
[SourceVersion "1"]
[SourceVersionDate "2011.11.24"]
[SourceQuality "1"]

1. e4 e6 2. d4 d5 3. exd5 exd5 4. c4 Nf6 5. Nc3 Be6 6. Qb3 b6 7. Qa4+ c6 8. cxd5 Nxd5 9. Nf3 b5 10. Qd1 Bb4 11. Bd2 0-0 12. Bd3 Nd7 13. 0-0 Bg4 14. Nxd5 Bxd2 15. Ne3 Bxe3 16. fxe3 Re8 17. Qd2 f5 18. h3 Bxf3 19. Rxf3 g6 20. Qc2 Qc7 21. Bxb5 Rac8 22. Rc1 Nb8 23. d5 a6 24. Ba4 Qb6 25. dxc6 Re7 26. Qc3 h6 27. Qf6 Rg7 28. Qe6+ 1-0